LEADER 01134nam--2200361---450- 001 990002050400203316 005 20041005091813.0 035 $a000205040 035 $aUSA01000205040 035 $a(ALEPH)000205040USA01 035 $a000205040 100 $a20041005d1956----km-y0itay0103----ba 101 $aita 102 $aIT 105 $a||||||||001yy 200 1 $a<> nuovo statuto e la carriera degli impiegati civili dello Stato$elegislazione, giurisprudenza, commento$fA. Bennati, E. Di Giambattista 210 $aNapoli$cJovene$d1956 215 $aXVI, 324 p.$d25 cm 410 0$12001 454 1$12001 461 1$1001-------$12001 700 1$aBENNATI,$bAntonio$07326 701 1$aDI GIANBATTISTA,$bEmidio$0566821 801 0$aIT$bsalbc$gISBD 912 $a990002050400203316 951 $aIG V 202$b921 G.$cIG V 959 $aBK 969 $aGIU 979 $aSIAVPROV$b10$c20041005$lUSA01$h0902 979 $aSIAVPROV$b10$c20041005$lUSA01$h0913 979 $aSIAVPROV$b10$c20041005$lUSA01$h0918 996 $aNuovo statuto e la carriera degli impiegati civili dello Stato$91040441 997 $aUNISA LEADER 01314cam0-22004571i-450 001 990002510240403321 005 20230711100604.0 035 $a000251024 035 $aFED01000251024 035 $a(Aleph)000251024FED01 100 $a20030910d1970----km-y0itay50------ba 101 0 $aita 102 $aIT 105 $ay-------001yy 200 1 $aModerne tavole finanziarie$fFrancesco Elisei, Ugo Sorbi 210 $aMilano$cEtas Kompass$d1970 215 $a611 p.$d24 cm 610 0 $aManuali e tavole di matematica 610 0 $aManuali generali di consultazione$aTavole statistiche 610 0 $aMatematica finanziaria$aFondamenti di matematica finanziaria ed attuariale 676 $a511 676 $a519 700 1$aElisei,$bFrancesco$0102229 701 1$aSorbi,$bUgo$033060 801 0$aIT$bUNINA$gRICA$2UNIMARC 901 $aBK 912 $a990002510240403321 952 $aMXXXIII-B-36$b3492$fMAS 952 $aMIV-A-25$bm2429$fMAS 952 $a12-131-TB$btb$fECA 952 $aXXIX-C-10$b3119$fMAS 952 $aC 103$b766$fDSS 952 $aB/3.3 ELI$b3030/I$fSES 952 $a22-5-21$bs.i.$fECA 952 $a22-5-21-.$bs.i.$fECA 959 $aMAS 959 $aECA 959 $aDSS 959 $aSES 996 $aModerne tavole finanziarie$9439549 997 $aUNINA